000 00468nam a2200181Ia 4500
008 240925s9999 xx 000 0 und d
020 _aNA
082 _a796.44 HEN
100 _aHendren, Patsy
245 0 _aMy Book of Cricket and Cricketers
250 _aNA
260 _aLondon:
_bAthlentic Publications
_c,1927.
300 _a1025p.
_bN.A
_fPhotocopy
500 _aNA
600 _aHumanities & Natural Science
650 _aArts and Recreation
942 _cBK
999 _c12086
_d12086